000 00267nam a2200121 i 4500
001 bg
245 0 _aTablicy atomnych volnovych funkcji.
260 _aAlma Ata,
_c1974.
040 _cBPK
041 _apol
942 _cKS
008 s pl f |000 0 pol
999 _c26259
_d26259
856 _uhttp://koha.tu.koszalin.pl/cgi-bin/koha/opac-detail.pl?biblionumber=26259
_yKatalog online BPK